Critical appraisal of sociology curriculum and reflective practices in class/ (Record no. 1848258)

MARC details
000 -LEADER
fixed length control field 00787nam a22002417a 4500
003 - CONTROL NUMBER IDENTIFIER
control field OSt
005 - DATE AND TIME OF LATEST TRANSACTION
control field 20260416151235.0
008 - FIXED-LENGTH DATA ELEMENTS--GENERAL INFORMATION
fixed length control field 260413b |||||||| |||| 00| 0 eng d
037 ## - SOURCE OF ACQUISITION
Terms of availability Thesis
040 ## - CATALOGING SOURCE
Original cataloging agency FEDL
Language of cataloging eng
Transcribing agency FEDL
041 ## - LANGUAGE CODE
Language code of text/sound track or separate title eng
Language code of original eng
082 ## - DEWEY DECIMAL CLASSIFICATION NUMBER
Classification number 375 ANK/TH
100 ## - MAIN ENTRY--PERSONAL NAME
Personal name Ankita
9 (RLIN) 1234757
110 ## - MAIN ENTRY--CORPORATE NAME
Corporate name or jurisdiction name as entry element University of Delhi. Department of Education
245 ## - TITLE STATEMENT
Title Critical appraisal of sociology curriculum and reflective practices in class/
Statement of responsibility, etc. Ankita; Supervised by Neera Narang.
260 ## - PUBLICATION, DISTRIBUTION, ETC.
Place of publication, distribution, etc. University of Delhi
Date of publication, distribution, etc. 2025
300 ## - PHYSICAL DESCRIPTION
Extent vi, 136p.
650 ## - SUBJECT ADDED ENTRY--TOPICAL TERM
Topical term or geographic name entry element CURRICULUM
9 (RLIN) 1234758
650 ## - SUBJECT ADDED ENTRY--TOPICAL TERM
Topical term or geographic name entry element CURRICULUM- SOCIOLOGY
9 (RLIN) 1234759
700 ## - ADDED ENTRY--PERSONAL NAME
Personal name Narang, Neera. Supervisor.
9 (RLIN) 818526
942 ## - ADDED ENTRY ELEMENTS (KOHA)
Source of classification or shelving scheme Dewey Decimal Classification
Koha item type Thesis
Classification part 375 ANK/TH
Suppress in OPAC No
Holdings
Withdrawn status Lost status Source of classification or shelving scheme Damaged status Not for loan Collection Home library Current library Date acquired Total Checkouts Full call number Barcode Date last seen Price effective from Koha item type
    Dewey Decimal Classification     Reference Department of Education Library Department of Education Library 2026-04-13   375 ANK/TH EL0095217 2026-04-13 2026-04-13 Thesis
Copyright @ Delhi University Library System